000 00321nam a22001457a 4500
003 SGT
020 _a9780477102100
082 _a342.23
_bUNI
100 _aUNITED NATION
245 _aUNITED NATION HANDBOOK 2008-2009
250 _a46
260 _aNEW ZEALAND
_bUNITED NATION
_c2008
300 _a391
942 _2ddc
_cBK
999 _c33787
_d33787